[Event "I Memorial Oliver Gonzalez Somoza"]
[Site "Madrid ESP"]
[Date "2010.10.17"]
[Round "9.23"]
[White "Martin Duque, Jesus"]
[Black "Vazquez Torres, Adrian"]
[Result "0-1"]
[WhiteElo "2073"]
[BlackElo "2160"]
[PlyCount "74"]
[EventDate "2010.10.09"]
[EventType "swiss"]
[EventRounds "9"]
[EventCountry "ESP"]
[Source "lmi"]
[SourceDate "2010.10.09"]

1. e4 c5 2. Nf3 e6 3. d4 cxd4 4. Nxd4 a6 5. Bd3 Qc7 6. O-O Nf6 7. Qe2 d6 8. c4
Be7 9. Nc3 b6 10. f4 Nbd7 11. Bd2 Bb7 12. b4 O-O 13. Kh1 Rfe8 14. Nb3 Bf8 15.
a4 Rac8 16. a5 bxa5 17. Nxa5 Ba8 18. Rfe1 Nb6 19. Be3 Rb8 20. c5 dxc5 21. bxc5
Nbd7 22. c6 Nc5 23. Bxc5 Bxc5 24. e5 Bb4 25. exf6 Qxf4 26. Rf1 Qh6 27. Ne4 g6
28. Qc2 Qe3 29. Nc4 Qd4 30. Rxa6 Rbc8 31. Rb1 Rxc6 32. Rxc6 Bxc6 33. Rxb4 Rd8
34. Qc3 Qxe4 35. Qd2 Qh4 36. Ne5 Qxf6 37. Nxc6 Qa1+ 0-1

[Event "I Memorial Oliver Gonzalez Somoza"]
[Site "Madrid ESP"]
[Date "2010.10.17"]
[Round "9.24"]
[White "Collado Barbas, Laura"]
[Black "Gonzalez Tedin, Antonio"]
[Result "0-1"]
[WhiteElo "2058"]
[BlackElo "2156"]
[PlyCount "68"]
[EventDate "2010.10.09"]
[EventType "swiss"]
[EventRounds "9"]
[EventCountry "ESP"]
[Source "lmi"]
[SourceDate "2010.10.09"]

1. d4 Nf6 2. c4 c5 3. d5 e6 4. Nc3 exd5 5. cxd5 d6 6. e4 g6 7. Bd3 Bg7 8. h3
O-O 9. Nf3 Nh5 10. O-O a6 11. a4 Nd7 12. Bg5 Bf6 13. Bh6 Bg7 14. Bxg7 Nxg7 15.
Nd2 Ne5 16. Be2 f5 17. f4 Nf7 18. Nf3 Re8 19. exf5 Nxf5 20. Qd2 Qf6 21. Bd3 Bd7
22. Ne4 Qg7 23. a5 Nd4 24. Rae1 Bf5 25. Re3 Nxf3+ 26. Rfxf3 Qd4 27. Qc2 Bxe4
28. Bxe4 Re7 29. Kh1 Rae8 30. Bxg6 Rxe3 31. Bxf7+ Kxf7 32. Qxh7+ Qg7 33. Qf5+
Qf6 34. Qh7+ Kf8 0-1

[Event "I Memorial Oliver Gonzalez Somoza"]
[Site "Madrid ESP"]
[Date "2010.10.17"]
[Round "9.25"]
[White "Gomez Gonzalez, Javier"]
[Black "Bandres Carballo, Julio"]
[Result "1/2-1/2"]
[WhiteElo "2016"]
[BlackElo "2201"]
[PlyCount "139"]
[EventDate "2010.10.09"]
[EventType "swiss"]
[EventRounds "9"]
[EventCountry "ESP"]
[Source "lmi"]
[SourceDate "2010.10.09"]

1. e4 e5 2. Nf3 Nc6 3. Bb5 a6 4. Ba4 Nf6 5. O-O Be7 6. Re1 b5 7. Bb3 O-O 8. h3
Bb7 9. d3 d6 10. a3 Nb8 11. Nc3 Nbd7 12. Bg5 Nb6 13. Bxf6 Bxf6 14. Nd5 Nxd5 15.
exd5 c6 16. c4 cxd5 17. cxd5 Re8 18. Re4 Be7 19. Re2 Bf6 20. Qe1 Kf8 21. a4 Qb6
22. a5 Qd8 23. Qb4 Be7 24. Qe4 g6 25. g4 Bc8 26. Qe3 f5 27. gxf5 Bxf5 28. Kh2
Bf6 29. Bc2 Qd7 30. Ng5 Bxg5 31. Qxg5 Kg7 32. Qg3 Rac8 33. Rae1 Rc5 34. Bb3
Rcc8 35. f4 exf4 36. Qxf4 Rxe2+ 37. Rxe2 Kg8 38. Qe3 Rf8 39. Bd1 Qd8 40. b4 Qh4
41. d4 Bg4 42. Rd2 Bxd1 43. Rxd1 Qf2+ 44. Qxf2 Rxf2+ 45. Kg3 Rb2 46. Re1 Rxb4
47. Re6 Ra4 48. Rxd6 Rxa5 49. Kf4 Kf7 50. Ke5 Ke7 51. Rb6 Ra3 52. Rb7+ Kd8 53.
Kd6 Kc8 54. Rxh7 b4 55. Kc5 a5 56. Rh8+ Kb7 57. Rh7+ Ka6 58. d6 Rc3+ 59. Kd5
Rc8 60. Rc7 Rd8 61. Kc6 b3 62. d7 b2 63. Rb7 Rxd7 64. Rxb2 Rxd4 65. Kc5 Rh4 66.
Rb6+ Ka7 67. Rxg6 a4 68. Kb5 Kb7 69. Rg7+ Kb8 70. Rg3 1/2-1/2

[Event "I Memorial Oliver Gonzalez Somoza"]
[Site "Madrid ESP"]
[Date "2010.10.17"]
[Round "9.26"]
[White "Labarta Gonzalez-Vallarino, Ivan"]
[Black "Hernandez Yañez, Javier"]
[Result "1-0"]
[WhiteElo "2129"]
[BlackElo "1955"]
[PlyCount "95"]
[EventDate "2010.10.09"]
[EventType "swiss"]
[EventRounds "9"]
[EventCountry "ESP"]
[Source "lmi"]
[SourceDate "2010.10.09"]

1. d4 Nf6 2. c4 g6 3. Nc3 Bg7 4. e4 d6 5. Be2 O-O 6. Nf3 e5 7. O-O Nc6 8. d5
Ne7 9. b4 Ne8 10. a4 f5 11. Nd2 Rf7 12. c5 Bf8 13. Ba3 Rg7 14. f3 f4 15. Nc4 g5
16. b5 h5 17. b6 Ng6 18. bxc7 Rxc7 19. Nb5 Rg7 20. cxd6 a6 21. Nc7 Nxc7 22.
dxc7 Qxc7 23. d6 Qd8 24. Qd5+ Kh7 25. Nxe5 Nxe5 26. Qxe5 Rg6 27. Rac1 Bxd6 28.
Bxd6 Qxd6 29. Qe8 Qe6 30. Rc7+ Rg7 31. Qxh5+ Qh6 32. Rxg7+ Kxg7 33. Qe8 Qe6 34.
Qd8 Qf6 35. Qd5 Rb8 36. Bc4 b5 37. axb5 axb5 38. Qg8+ Kh6 39. Bb3 Qb6+ 40. Kh1
Ba6 41. Qf7 Qd6 42. Rd1 Qc6 43. Rd7 Qg6 44. Qxg6+ Kxg6 45. Rd6+ Kg7 46. Rxa6
Rc8 47. h3 Rc3 48. Bd5 1-0

[Event "I Memorial Oliver Gonzalez Somoza"]
[Site "Madrid ESP"]
[Date "2010.10.17"]
[Round "9.27"]
[White "Blanco Sanchez, Jose Fernando"]
[Black "Avendaño Mateos, Jose"]
[Result "1-0"]
[WhiteElo "2123"]
[BlackElo "1992"]
[PlyCount "83"]
[EventDate "2010.10.09"]
[EventType "swiss"]
[EventRounds "9"]
[EventCountry "ESP"]
[Source "lmi"]
[SourceDate "2010.10.09"]

1. e4 c5 2. Nf3 d6 3. Bb5+ Nd7 4. O-O a6 5. Bxd7+ Bxd7 6. d4 cxd4 7. Qxd4 e5 8.
Qd3 Qc7 9. Nc3 Be6 10. Re1 h6 11. Nd5 Bxd5 12. exd5 Nf6 13. c4 Be7 14. Nh4 g6
15. b3 Nd7 16. Qg3 Bxh4 17. Qxh4 f5 18. Bb2 Rh7 19. f4 e4 20. g4 Nc5 21. Rad1
Qf7 22. Ba3 b6 23. b4 Nb7 24. Qf2 Qc7 25. Rc1 h5 26. g5 a5 27. c5 bxc5 28. bxc5
dxc5 29. Bxc5 Nxc5 30. Rxc5 Qd6 31. Rc6 Qxd5 32. Qb6 Rd8 33. Rxg6 Qd4+ 34. Qxd4
Rxd4 35. Ra6 Rc7 36. Re2 Rc1+ 37. Kg2 Rc5 38. Ra7 Rdc4 39. g6 Kf8 40. Kh3 e3
41. Rxe3 Rxf4 42. g7+ 1-0

[Event "I Memorial Oliver Gonzalez Somoza"]
[Site "Madrid ESP"]
[Date "2010.10.17"]
[Round "9.28"]
[White "Peñaranda Grilo, Juan Carlos"]
[Black "Rodrigo Yanguas, Maria"]
[Result "1/2-1/2"]
[WhiteElo "1920"]
[BlackElo "2095"]
[PlyCount "59"]
[EventDate "2010.10.09"]
[EventType "swiss"]
[EventRounds "9"]
[EventCountry "ESP"]
[Source "lmi"]
[SourceDate "2010.10.09"]

1. Nf3 d5 2. d4 Nc6 3. Bf4 Nf6 4. e3 Bg4 5. h3 Bh5 6. Be2 e6 7. O-O Be7 8. Nbd2
O-O 9. c4 Bg6 10. a3 Ne4 11. Ne5 Nxe5 12. Bxe5 dxc4 13. Nxe4 Bxe4 14. f3 Bg6
15. Bxc4 Bd6 16. Qe2 Bxe5 17. dxe5 Qe7 18. Rad1 Qc5 19. f4 Rad8 20. b4 Qb6 21.
Kh2 Be4 22. Bd3 Bxd3 23. Rxd3 c5 24. bxc5 Qxc5 25. Rfd1 Rxd3 26. Qxd3 h6 27.
Rd2 Rc8 28. Qd7 b5 29. Qb7 Rf8 30. Rd3 1/2-1/2

[Event "I Memorial Oliver Gonzalez Somoza"]
[Site "Madrid ESP"]
[Date "2010.10.17"]
[Round "9.29"]
[White "Dominguez Carmona, Miguel"]
[Black "Rodriguez Dorado, Victor Manuel"]
[Result "1-0"]
[WhiteElo "2066"]
[BlackElo "1923"]
[PlyCount "53"]
[EventDate "2010.10.09"]
[EventType "swiss"]
[EventRounds "9"]
[EventCountry "ESP"]
[Source "lmi"]
[SourceDate "2010.10.09"]

1. d4 Nf6 2. c4 g6 3. Nf3 Bg7 4. Nc3 O-O 5. Bf4 d6 6. e3 Nfd7 7. Bg5 f6 8. Bh4
e5 9. dxe5 dxe5 10. Qd5+ Kh8 11. Rd1 Qe8 12. Be2 Nb6 13. Qb5 c6 14. Qb4 Na6 15.
Qa3 Be6 16. b3 g5 17. Bg3 g4 18. Nh4 f5 19. Qc1 Bf6 20. h3 Qe7 21. hxg4 f4 22.
Ng6+ Kg7 23. Nxe7 fxg3 24. Nf5+ Bxf5 25. gxf5 gxf2+ 26. Kxf2 Bg5 27. g4 1-0

[Event "I Memorial Oliver Gonzalez Somoza"]
[Site "Madrid ESP"]
[Date "2010.10.17"]
[Round "9.30"]
[White "Julian Serra, Rogelio"]
[Black "Rodriguez Vignote, Javier"]
[Result "0-1"]
[WhiteElo "2064"]
[BlackElo "1910"]
[PlyCount "72"]
[EventDate "2010.10.09"]
[EventType "swiss"]
[EventRounds "9"]
[EventCountry "ESP"]
[Source "lmi"]
[SourceDate "2010.10.09"]

1. Nf3 Nf6 2. c4 c5 3. g3 b6 4. Bg2 Bb7 5. Nc3 e6 6. O-O a6 7. d4 cxd4 8. Qxd4
d6 9. Bg5 Nbd7 10. Bxf6 Nxf6 11. Rfd1 Be7 12. Na4 Rb8 13. Nc3 O-O 14. e4 Qc7
15. Rac1 Rfd8 16. Qe3 Rbc8 17. h3 h6 18. b3 Bc6 19. Nd5 Qb7 20. Nxe7+ Qxe7 21.
Nd4 Ba8 22. Ne2 Qb7 23. Rd2 b5 24. Rdc2 bxc4 25. Rxc4 Rxc4 26. Rxc4 d5 27. e5
Nd7 28. Rg4 Kh8 29. Qf4 Rf8 30. Nd4 Qb8 31. Nf3 f6 32. Nh4 Nxe5 33. Rg6 Kh7 34.
Bf1 Nxg6 35. Nxg6 Kxg6 36. Bd3+ Kf7 0-1

[Event "I Memorial Oliver Gonzalez Somoza"]
[Site "Madrid ESP"]
[Date "2010.10.17"]
[Round "9.31"]
[White "Lozano Sanchez, Jose Antonio"]
[Black "Garcia Ruido, Ricardo"]
[Result "1/2-1/2"]
[WhiteElo "1914"]
[BlackElo "2061"]
[PlyCount "90"]
[EventDate "2010.10.09"]
[EventType "swiss"]
[EventRounds "9"]
[EventCountry "ESP"]
[Source "lmi"]
[SourceDate "2010.10.09"]

1. e4 c5 2. Nf3 e6 3. Nc3 a6 4. a4 d6 5. Bc4 Nc6 6. d3 Nf6 7. Bf4 Qc7 8. O-O
Be7 9. Re1 O-O 10. h3 e5 11. Bd2 Be6 12. Nd5 Bxd5 13. Bxd5 Nxd5 14. exd5 Nb8
15. c4 Nd7 16. Ng5 Bxg5 17. Bxg5 f6 18. Bd2 f5 19. f4 h6 20. Qh5 Kh7 21. Re2
Nf6 22. Qf3 e4 23. dxe4 Nxe4 24. g4 g6 25. gxf5 gxf5 26. Bc3 Rg8+ 27. Kh2 Qf7
28. Rg1 Rxg1 29. Kxg1 Rg8+ 30. Rg2 Rxg2+ 31. Kxg2 Qg6+ 32. Kh2 h5 33. Be1 Kh6
34. Qg2 Qf6 35. Bc3 Nxc3 36. bxc3 Kh7 37. Qf3 Qg6 38. Qg2 Qxg2+ 39. Kxg2 h4 40.
Kf3 Kg6 41. Ke3 Kf6 42. Kd3 Ke7 43. Kc2 Kd7 44. Kb3 Kc7 45. a5 b6 1/2-1/2

[Event "I Memorial Oliver Gonzalez Somoza"]
[Site "Madrid ESP"]
[Date "2010.10.17"]
[Round "9.32"]
[White "Lopez De Turiso Sanchez, Jose A"]
[Black "Bolea Jover, Jose"]
[Result "1/2-1/2"]
[WhiteElo "2097"]
[BlackElo "1909"]
[PlyCount "82"]
[EventDate "2010.10.09"]
[EventType "swiss"]
[EventRounds "9"]
[EventCountry "ESP"]
[Source "lmi"]
[SourceDate "2010.10.09"]

1. e4 d5 2. Nc3 d4 3. Nce2 e5 4. f4 Nc6 5. Nf3 Bg4 6. Nxe5 Nxe5 7. fxe5 Qg5 8.
d3 Qxe5 9. Bf4 Qa5+ 10. Qd2 Qb6 11. c3 Bxe2 12. Bxe2 O-O-O 13. O-O-O Nf6 14.
Kb1 Bc5 15. Rc1 c6 16. cxd4 Bxd4 17. Rc4 Rhe8 18. Rhc1 Be5 19. g4 Bxf4 20. Qxf4
Qc7 21. Qf2 Kb8 22. g5 Nd7 23. Qxf7 Qxh2 24. R4c2 Qe5 25. Qb3 Nb6 26. Rc5 Qh2
27. Bf1 Re5 28. Qf7 Rxc5 29. Rxc5 g6 30. Qf6 Qc7 31. Qe5 Nd7 32. Qxc7+ Kxc7 33.
Rc2 Ne5 34. Rh2 Rd7 35. Kc2 Rf7 36. Be2 c5 37. Kd2 Kd6 38. Ke3 a6 39. d4 cxd4+
40. Kxd4 Nc6+ 41. Ke3 Ke5 1/2-1/2

[Event "I Memorial Oliver Gonzalez Somoza"]
[Site "Madrid ESP"]
[Date "2010.10.17"]
[Round "9.33"]
[White "Alvarez Escudero, Manuel"]
[Black "Perez Gonzalez, Jose Manuel"]
[Result "0-1"]
[WhiteElo "1884"]
[BlackElo "2318"]
[PlyCount "80"]
[EventDate "2010.10.09"]
[EventType "swiss"]
[EventRounds "9"]
[EventCountry "ESP"]
[Source "lmi"]
[SourceDate "2010.10.09"]

1. e4 c5 2. Nf3 d6 3. Bc4 Nf6 4. e5 dxe5 5. Nxe5 e6 6. d3 Be7 7. O-O O-O 8. Nc3
Nbd7 9. Qe2 Nxe5 10. Qxe5 Bd7 11. h3 Bc6 12. Bf4 Rc8 13. Rfe1 Re8 14. Rad1 Nd5
15. Ne4 Nxf4 16. Qxf4 Qc7 17. Qxc7 Rxc7 18. Nc3 a6 19. a3 Bf6 20. Rd2 Rd8 21.
Rde2 b5 22. Bb3 Ba8 23. a4 c4 24. dxc4 bxc4 25. Ba2 Rb8 26. Rb1 Rb4 27. Rd2 Rc8
28. Rbd1 g6 29. b3 cxb3 30. Bxb3 Rxc3 31. Rd8+ Bxd8 32. Rxd8+ Kg7 33. Rxa8 Rc6
34. Kf1 Rd6 35. Rc8 Re4 36. f3 Rd1+ 37. Kf2 Rd2+ 38. Kg3 Ree2 39. Rc6 Rxg2+ 40.
Kf4 g5+ 0-1

[Event "I Memorial Oliver Gonzalez Somoza"]
[Site "Madrid ESP"]
[Date "2010.10.17"]
[Round "9.34"]
[White "Pablos Tenrero, Raquel"]
[Black "Vilarnovo Caamaño, Jose"]
[Result "0-1"]
[WhiteElo "1884"]
[BlackElo "2059"]
[PlyCount "60"]
[EventDate "2010.10.09"]
[EventType "swiss"]
[EventRounds "9"]
[EventCountry "ESP"]
[Source "lmi"]
[SourceDate "2010.10.09"]

1. e4 c5 2. c3 Nf6 3. e5 Nd5 4. d4 cxd4 5. Qxd4 e6 6. Nf3 Nc6 7. Qe4 f5 8. Qe2
Qc7 9. g3 b5 10. Bg2 a5 11. O-O Be7 12. Rd1 Ba6 13. Nd4 Nxd4 14. Rxd4 b4 15.
Qe1 Bb7 16. Bd2 Bc5 17. Rd3 O-O 18. cxb4 axb4 19. Bc1 f4 20. Rf3 g5 21. gxf4
Nxf4 22. Bxf4 gxf4 23. Rh3 Kh8 24. Be4 Rg8+ 25. Kh1 Rg7 26. Nd2 Rag8 27. Nf3
Bxf2 28. Qe2 Be3 29. Qd3 Qc8 30. Ng5 Qa8 0-1

[Event "I Memorial Oliver Gonzalez Somoza"]
[Site "Madrid ESP"]
[Date "2010.10.17"]
[Round "9.35"]
[White "Cerrato Torrijos, Maria"]
[Black "Gomez Ferrer, Jesus"]
[Result "1-0"]
[WhiteElo "2055"]
[BlackElo "1942"]
[PlyCount "75"]
[EventDate "2010.10.09"]
[EventType "swiss"]
[EventRounds "9"]
[EventCountry "ESP"]
[Source "lmi"]
[SourceDate "2010.10.09"]

1. e4 c5 2. Nc3 d6 3. Nge2 Nf6 4. d4 cxd4 5. Nxd4 a6 6. h3 e5 7. Nde2 Be6 8. g4
Be7 9. Bg2 h6 10. Be3 Nbd7 11. Nd5 Bxd5 12. exd5 Qc7 13. Ng3 Bf8 14. Qd2 g6 15.
O-O Bg7 16. c4 Ng8 17. b4 b6 18. Rac1 Rc8 19. c5 bxc5 20. bxc5 dxc5 21. d6 Qa7
22. Ne4 Ngf6 23. Nxf6+ Bxf6 24. Rb1 Rb8 25. Bxh6 Rb6 26. Be4 Bd8 27. f4 Rxh6
28. fxe5 g5 29. Qd5 Nf8 30. Rxb6 Bxb6 31. Qc6+ Nd7 32. Bf5 c4+ 33. Kg2 Re6 34.
Bxe6 fxe6 35. Rf6 Kd8 36. Rh6 Nf8 37. Rh8 Qg7 38. Rxf8+ 1-0

[Event "I Memorial Oliver Gonzalez Somoza"]
[Site "Madrid ESP"]
[Date "2010.10.17"]
[Round "9.36"]
[White "Cabañas Bravo, Juan Andres"]
[Black "Camarero Izquierdo, Juan Carlos"]
[Result "1-0"]
[WhiteElo "2049"]
[BlackElo "1941"]
[PlyCount "73"]
[EventDate "2010.10.09"]
[EventType "swiss"]
[EventRounds "9"]
[EventCountry "ESP"]
[Source "lmi"]
[SourceDate "2010.10.09"]

1. e4 c5 2. Nf3 d6 3. d4 cxd4 4. Nxd4 Nf6 5. Nc3 g6 6. Be3 Bg7 7. f3 O-O 8. Qd2
Nc6 9. Bc4 Bd7 10. h4 h5 11. O-O-O a6 12. Bh6 Nxd4 13. Bxg7 Nxf3 14. Qh6 Nh7
15. Bxf8 Nxf8 16. gxf3 b5 17. Bb3 a5 18. Rhg1 e6 19. a4 bxa4 20. Nxa4 Qe8 21.
Nb6 a4 22. Nxa8 axb3 23. Nb6 bxc2 24. Rxd6 Ba4 25. Qd2 Bb3 26. Rg5 e5 27. Qb4
Ba2 28. Kxc2 Qb8 29. Rxe5 Ne6 30. b3 Qa7 31. Ra5 Qc7+ 32. Kb2 Bxb3 33. Kxb3 Qc1
34. Ra8+ Kh7 35. Qc3 Qb1+ 36. Qb2 Nc5+ 37. Ka3 1-0

[Event "I Memorial Oliver Gonzalez Somoza"]
[Site "Madrid ESP"]
[Date "2010.10.17"]
[Round "9.38"]
[White "Vargas Huamani, Juan C"]
[Black "Aguado Rodriguez, Guillermo"]
[Result "1-0"]
[WhiteElo "2013"]
[BlackElo "1845"]
[PlyCount "73"]
[EventDate "2010.10.09"]
[EventType "swiss"]
[EventRounds "9"]
[EventCountry "ESP"]
[Source "lmi"]
[SourceDate "2010.10.09"]

1. e4 e5 2. Nf3 Nc6 3. d4 exd4 4. Nxd4 Bc5 5. Be3 Bb6 6. Nc3 Nge7 7. Bc4 O-O 8.
O-O d6 9. Na4 Bxd4 10. Bxd4 Nxd4 11. Qxd4 Be6 12. Be2 f5 13. f3 Nc6 14. Qd2 Qf6
15. Rad1 Rad8 16. c4 a5 17. Nc3 Qf7 18. Nd5 b6 19. b3 f4 20. Bd3 Ne5 21. Bb1 g5
22. Rde1 h5 23. Bc2 h4 24. h3 Qg7 25. Bd1 Bxd5 26. cxd5 Nd7 27. Be2 Nc5 28. Qc2
Qd4+ 29. Kh1 a4 30. Bc4 axb3 31. axb3 Ra8 32. e5 b5 33. Qg6+ Kh8 34. Qh6+ Kg8
35. Qxg5+ Kf7 36. e6+ Ke8 37. Bxb5+ 1-0

[Event "I Memorial Oliver Gonzalez Somoza"]
[Site "Madrid ESP"]
[Date "2010.10.17"]
[Round "9.39"]
[White "Madurga Lopez, Ignacio"]
[Black "Sierra Soria, Maria"]
[Result "1-0"]
[WhiteElo "2010"]
[BlackElo "1743"]
[PlyCount "87"]
[EventDate "2010.10.09"]
[EventType "swiss"]
[EventRounds "9"]
[EventCountry "ESP"]
[Source "lmi"]
[SourceDate "2010.10.09"]

1. e4 c5 2. Nf3 d6 3. d4 cxd4 4. Nxd4 Nf6 5. Nc3 a6 6. Be2 e5 7. Nb3 Be7 8. O-O
Nc6 9. a4 b6 10. Be3 Rb8 11. f3 O-O 12. Nd5 b5 13. Nxe7+ Qxe7 14. axb5 axb5 15.
Na5 Qc7 16. Nxc6 Qxc6 17. Bg5 Qb6+ 18. Kh1 Qd8 19. f4 Qe7 20. fxe5 dxe5 21.
Bxf6 gxf6 22. Bg4 Kh8 23. Bf5 Rg8 24. Qh5 Bxf5 25. Qxf5 Rg6 26. Ra6 Rd8 27. Qf2
Kg7 28. c3 Rd7 29. Rb6 Rb7 30. Rxb7 Qxb7 31. Qe2 Qd7 32. h3 Qc6 33. Rd1 Rg3 34.
Kh2 Rg5 35. Rd5 f5 36. Qxb5 Qxb5 37. Rxb5 fxe4 38. c4 Rf5 39. c5 Rf6 40. Rb4
Rc6 41. Rc4 Kf6 42. b4 Kf5 43. Kg3 Rc7 44. b5 1-0

[Event "I Memorial Oliver Gonzalez Somoza"]
[Site "Madrid ESP"]
[Date "2010.10.17"]
[Round "9.40"]
[White "Martinez Martinez, Antonio"]
[Black "Cuadrado Lopez, Francisco Javier"]
[Result "0-1"]
[WhiteElo "1695"]
[BlackElo "1971"]
[PlyCount "90"]
[EventDate "2010.10.09"]
[EventType "swiss"]
[EventRounds "9"]
[EventCountry "ESP"]
[Source "lmi"]
[SourceDate "2010.10.09"]

1. e4 d6 2. d4 Nf6 3. Nc3 g6 4. Bc4 Bg7 5. h3 c6 6. Nf3 O-O 7. O-O Nbd7 8. Nh2
b5 9. Bd3 Nb6 10. b4 a5 11. bxa5 Rxa5 12. Bd2 Nc4 13. Bxc4 bxc4 14. Qe2 Bb7 15.
Rfb1 Ba6 16. Rb2 Nd7 17. Nf3 c5 18. d5 Ra3 19. Qe3 Qa5 20. e5 Nxe5 21. Nxe5
Bxe5 22. Rab1 Bxc3 23. Bxc3 Qxc3 24. Qxe7 Qe5 25. Qxe5 dxe5 26. d6 Bc8 27. Rd1
Bd7 28. Rb7 Rd8 29. Rc7 Rxa2 30. Rxc5 Rxc2 31. Rxe5 c3 32. Kf1 Rb2 33. Ke1 c2
34. Rc1 Ba4 35. Rd5 Bc6 36. Rd2 Bxg2 37. h4 Bc6 38. Ke2 Ba4 39. Rd4 Bb3 40. Kd2
Rb1 41. Rd3 f5 42. f4 Kf7 43. Rxc2 Bxc2 44. Kxc2 Rb4 45. Kc3 Rxf4 0-1

[Event "I Memorial Oliver Gonzalez Somoza"]
[Site "Madrid ESP"]
[Date "2010.10.17"]
[Round "9.43"]
[White "Estrada Martinez, Cesar"]
[Black "Cavalle Pulla, Daniel"]
[Result "1-0"]
[WhiteElo "2211"]
[BlackElo "1847"]
[PlyCount "85"]
[EventDate "2010.10.09"]
[EventType "swiss"]
[EventRounds "9"]
[EventCountry "ESP"]
[Source "lmi"]
[SourceDate "2010.10.09"]

1. Nf3 Nf6 2. c4 c5 3. Nc3 e6 4. d4 cxd4 5. Nxd4 Nc6 6. a3 Be7 7. e4 O-O 8. Be2
b6 9. O-O Bb7 10. Be3 Rc8 11. f3 d5 12. cxd5 exd5 13. Nxc6 Bxc6 14. Ba6 Rc7 15.
e5 Ne8 16. Bd4 Rd7 17. Bd3 Bc5 18. Bf5 Re7 19. b4 Bxd4+ 20. Qxd4 Qb8 21. f4 Nc7
22. Qd3 h6 23. Rad1 Rd8 24. Bg4 Ne6 25. f5 Ng5 26. e6 fxe6 27. f6 Rf7 28. h4
gxf6 29. hxg5 f5 30. gxh6 Rh7 31. Qe3 Qd6 32. Qg5+ Kh8 33. Qf6+ Kg8 34. Bh5 Rf8
35. Qg5+ Kh8 36. Bg6 Rc7 37. Ne2 Bb5 38. Rf2 Bxe2 39. Rxe2 Rc3 40. Bxf5 Rg3 41.
Bg4 Rg8 42. Qf6+ Kh7 43. Bf5+ 1-0

[Event "I Memorial Oliver Gonzalez Somoza"]
[Site "Madrid ESP"]
[Date "2010.10.17"]
[Round "9.44"]
[White "Merino Araguas, Jose Javier"]
[Black "Garcia Diaz, Victor Manuel"]
[Result "1-0"]
[WhiteElo "1834"]
[BlackElo "2108"]
[PlyCount "95"]
[EventDate "2010.10.09"]
[EventType "swiss"]
[EventRounds "9"]
[EventCountry "ESP"]
[Source "lmi"]
[SourceDate "2010.10.09"]

1. d4 d5 2. c4 c6 3. cxd5 cxd5 4. Nc3 e5 5. e3 e4 6. Qb3 Nf6 7. Nge2 Bd6 8. Bd2
Nbd7 9. Nb5 Be7 10. Rc1 O-O 11. Nc7 Rb8 12. Nxd5 Nxd5 13. Qxd5 Qb6 14. b3 Ba3
15. Rc2 Nf6 16. Qa5 Qd6 17. Qc7 Qxc7 18. Rxc7 Nd5 19. Rc2 g5 20. h4 f6 21. Ng3
b5 22. Nxe4 g4 23. Bd3 f5 24. Nc5 Nb4 25. Bxb4 Bxb4+ 26. Ke2 f4 27. Be4 Re8 28.
Kd3 fxe3 29. fxe3 a5 30. Rf1 a4 31. Rf4 axb3 32. Bd5+ Kg7 33. Rf7+ Kh8 34. axb3
g3 35. Be4 Kg8 36. Bd5 Kh8 37. Ra2 Bxc5 38. dxc5 Be6 39. Bxe6 Rxe6 40. Raa7 Rh6
41. Rab7 Rd8+ 42. Rbd7 Re8 43. Rde7 Rd8+ 44. Ke2 b4 45. Rb7 Kg8 46. Rf4 Rg6 47.
Rbxb4 Ra8 48. Rg4 1-0

[Event "I Memorial Oliver Gonzalez Somoza"]
[Site "Madrid ESP"]
[Date "2010.10.17"]
[Round "9.46"]
[White "De La Orden Alcocer, Alejandro"]
[Black "Garcia Galeote, Lorenzo"]
[Result "1/2-1/2"]
[WhiteElo "1798"]
[BlackElo "2040"]
[PlyCount "144"]
[EventDate "2010.10.09"]
[EventType "swiss"]
[EventRounds "9"]
[EventCountry "ESP"]
[Source "lmi"]
[SourceDate "2010.10.09"]

1. c4 e6 2. g3 d5 3. Bg2 c6 4. b3 Nf6 5. Bb2 Be7 6. Nf3 O-O 7. O-O Nbd7 8. d3
b6 9. Nc3 e5 10. cxd5 cxd5 11. Nh4 Nc5 12. d4 exd4 13. Qxd4 Nce4 14. Nxd5 Qxd5
15. Qxd5 Nxd5 16. Bxe4 Be6 17. Nf5 Bxf5 18. Bxf5 Bf6 19. Bxf6 Nxf6 20. Rac1 g6
21. Bd3 Rfd8 22. Rfd1 Rd6 23. Rc4 Rad8 24. Rdc1 Nd5 25. a3 b5 26. Rc8 b4 27.
Rxd8+ Rxd8 28. axb4 Nxb4 29. Bc4 Rd2 30. Ra1 Rd7 31. h4 h5 32. Kg2 Kg7 33. f4
Kf6 34. Ra4 Rb7 35. e4 Ke7 36. Kf2 Kd6 37. Ke2 Ke7 38. Kd2 Nc6 39. Bd5 Rd7 40.
Ke3 Nd8 41. Ra6 Ne6 42. Bxe6 fxe6 43. e5 Rb7 44. b4 Rxb4 45. Rxa7+ Kf8 46. Rd7
Ra4 47. Rd3 Kf7 48. Kf3 Ra1 49. Rd7+ Kf8 50. Rd2 Ra3+ 51. Kg2 Kf7 52. Rf2 Rb3
53. Rf3 Rb1 54. Kh2 Ra1 55. Rf2 Rb1 56. g4 hxg4 57. Kg3 Rb8 58. Kxg4 Rh8 59.
Ra2 Rh5 60. Ra7+ Kf8 61. Rc7 Rh6 62. Kg5 Rh5+ 63. Kf6 Rf5+ 64. Kxg6 Rxf4 65. h5
Rg4+ 66. Kf6 Kg8 67. h6 Rh4 68. h7+ Kh8 69. Kxe6 Rh6+ 70. Kf5 Rh5+ 71. Kg6 Rg5+
72. Kf6 Rf5+ 1/2-1/2

[Event "I Memorial Oliver Gonzalez Somoza"]
[Site "Madrid ESP"]
[Date "2010.10.17"]
[Round "9.47"]
[White "Tirado Parra, Alberto"]
[Black "Gonzalo Gonzalez, Francisco"]
[Result "1-0"]
[WhiteElo "1951"]
[BlackElo "1784"]
[PlyCount "67"]
[EventDate "2010.10.09"]
[EventType "swiss"]
[EventRounds "9"]
[EventCountry "ESP"]
[Source "lmi"]
[SourceDate "2010.10.09"]

1. b3 e5 2. Bb2 Nc6 3. e3 d5 4. Bb5 Bd7 5. Bxc6 Bxc6 6. Bxe5 Qg5 7. Bg3 O-O-O
8. Nf3 Qe7 9. O-O h5 10. h3 g5 11. Ne5 Bb5 12. c4 dxc4 13. bxc4 Ba6 14. Nc3 Bg7
15. d4 Bxe5 16. Bxe5 f6 17. Bh2 Bxc4 18. Re1 Qe6 19. Rc1 Rd7 20. Qc2 c6 21. Ne4
b6 22. Nd6+ Rxd6 23. Bxd6 Qxd6 24. Qxc4 Ne7 25. a4 Kb7 26. a5 g4 27. axb6 axb6
28. h4 Rc8 29. Qf7 Rh8 30. Re2 Kb8 31. Ra1 c5 32. dxc5 Qxc5 33. Qxf6 Rc8 34.
Rea2 1-0

[Event "I Memorial Oliver Gonzalez Somoza"]
[Site "Madrid ESP"]
[Date "2010.10.17"]
[Round "9.48"]
[White "Ananian, Arman"]
[Black "Panero Cabero, Gregorio"]
[Result "1/2-1/2"]
[WhiteElo "1787"]
[BlackElo "1936"]
[PlyCount "105"]
[EventDate "2010.10.09"]
[EventType "swiss"]
[EventRounds "9"]
[EventCountry "ESP"]
[Source "lmi"]
[SourceDate "2010.10.09"]

1. e4 e6 2. d4 d5 3. Nc3 Bb4 4. e5 c5 5. a3 Bxc3+ 6. bxc3 Nc6 7. Qg4 Nge7 8.
Bd3 Qc7 9. Bd2 Bd7 10. Nf3 O-O-O 11. O-O c4 12. Be2 f6 13. Bf4 g5 14. exf6 Qxf4
15. Qxg5 Qxg5 16. Nxg5 Rdf8 17. fxe7 Nxe7 18. Nf3 Ng6 19. g3 Rf5 20. Nd2 h5 21.
f4 h4 22. Bg4 Rf6 23. Nf3 Ne7 24. Nxh4 Rg8 25. Be2 Rh6 26. Nf3 Nf5 27. Kf2 Be8
28. Rg1 Nd6 29. Rg2 Ne4+ 30. Ke3 Nxc3 31. Ng5 Bg6 32. Bf3 Kd7 33. a4 b5 34.
axb5 Nxb5 35. Ra6 Nd6 36. Rxa7+ Kc6 37. Ra6+ Kd7 38. g4 Rb8 39. h3 Rb2 40. Rh2
Rh8 41. h4 Rhb8 42. Ra7+ Kc6 43. h5 Bxc2 44. f5 exf5 45. Kf4 c3 46. Ne6 fxg4
47. Rc7+ Kb6 48. Rxc3 gxf3 49. Rhxc2 Rxc2 50. Rxc2 Rh8 51. Kg4 Ne4 52. Kxf3
Rxh5 53. Kf4 1/2-1/2